000 01221njm a2200241 i 4500
001 187002
003 ES-MaACL
005 20250824203440.0
007 s|r|||||||||||
008 170327s1969 sp ||| |||||||| | spa d
100 1 _aCunqueiro, Álvaro,
_d1911-1981
_942188
245 1 3 _aJuicio crítico del libro "Un hombre que se parecía a Orestes" [
_hGrabación sonora] /
_cde Álvaro Cunqueiro ; con la intervención de Manuel Halcón, Manuel Alcántara, Dionisio Gamallo Fierros, Salvador Jiménez, Rafael Morales.
260 _aMadrid :
_bAteneo de Madrid,
_c1969.
300 _a1 disco (CD-DA) ;
_c12 cm.
490 1 _aColoquios críticos en presencia del autor "Un libro sobre la mesa"
500 _aDatos basados en la invitación.
518 _aActo organizado por el Aula de Literatura del Ateneo de Madrid, grabado en el Salón de Actos, el viernes día 28 de marzo de 1969, a las 19:15 h.
610 2 4 _aAteneo de Madrid-
_xActos culturales-
_y1969-
_vGrabaciones sonoras.
_91883
710 2 _aAteneo de Madrid.
_bAula de Literatura.
_91943
830 0 0 _aColoquios críticos en presencia del autor "Un libro sobre la mesa"
_9177075
852 _aES-MaACL
_jROT 2/7/10
999 _c187002
_d187002